00587nam a2200205Ia 4500003000400000005001700004008004100021020001900062040000700081041000800088082001600096100002300112245002700135260002000162300000900182650002300191942001300214999001900227952013500246OSt20251106114707.0250729s2005 xx 000 0 und d a978-8171566228 cAL aeng a370.15 SHAE aSharma R N9223971 aEducational Psychology aNew Delhic2005 a344p aPsychology9223972 2ddccBED c236171d236171 00104070aALbALd2025-07-29eSchool Book Companyg110.00l0o370.15 SHAEpBED01490r2025-07-29 16:54:37v110.00w2025-07-29yBK